000 00764cam a22002175a 4500
008 230506s2019 xxk f 000 0 eng d
020 _a 9781783213498
041 0 _aeng
110 2 _aRoyal Institution of Chartered Surveyors
_94900
245 0 0 _aRICS Valuation Global Standards 2017 Jurisdiction Guide
_bDubai
_h[electronic resource]
260 _bRICS,
_c2019
490 0 _aRICS Jurisdiction Guide
490 0 _aRICS Red Book
590 _aNTK
650 2 4 _aRED BOOK
650 2 4 _aGLOBAL VALUATION STANDARDS 2017
651 4 _aDubai
690 _aValuation
_96273
856 4 0 _uhttps://www.rics.org/content/dam/ricsglobal/documents/standards/valuation_global_standards_2017_jurisdiction_guide_dubai_rics.pdf
_zView free on RICS.org
942 _n0
_2ddc
999 _c121510
_d121510